Normal view
MARC view
- Bhattacharya, A K .
Entry Personal Name
001 - CONTROL NUMBER
- control field: 343
003 - CONTROL NUMBER IDENTIFIER
- control field: OSt
005 - DATE AND TIME OF LATEST TRANSACTION
- control field: 20160609143529.0
008 - FIXED-LENGTH DATA ELEMENTS
- fixed length control field: 160609|| aca||aabn | a|a d
040 ## - CATALOGING SOURCE
- Original cataloging agency: OSt
- Transcribing agency: OSt
100 ## - HEADING--PERSONAL NAME
- Personal name: Bhattacharya, A K .
670 ## - SOURCE DATA FOUND
- Source citation: Work cat.: (OSt)759: Bhattacharya, A K ., Land Drainage : Principles Methods and Applications / , 2010
